000 00401nab a2200133Ia 4500
003 ES-SlBCS
005 20210601125238.0
008 140529s1977 xxu||||| |||| 00| 0 eng d
041 _aeng
100 1 _aCohen, Stephen
_9155909
245 0 0 _aDistinctions Among Blame Concepts
_c Stephen Cohen
773 0 _tPhilosophy and Phenomenological Research
_gvol. 38, 1977, págs. 149-166
_wRev1411
942 _cAR
999 _c527150
_d527150